Flora do Rio de Janeiro: Typhaceae (Registro n. 331139)
[ somente texto ]
| 000 -LÍDER | |
|---|---|
| fixed length control field | 01951nab a2200265 i 4500 |
| 003 - CÓDIGO MARC DA AGÊNCIA CATALOGADORA | |
| Campo de controle | BR-BrBNA |
| 005 - DATA E HORA DA ÚLTIMA ATUALIZAÇÃO | |
| Campo de controle | 20250422142856.0 |
| 008 - CAMPO DE TAMANHO FIXO | |
| fixed length control field | 250422b2017 bl.qr|pooa||| 00| 0 por | |
| 040 ## - FONTE DA CATALOGAÇÃO | |
| Agência catalogadora | BR-BrBNA |
| Idioma da catalogação | por |
| 072 ## - CATEGORIA AGRIS | |
| Código AGRIS | F70 |
| 072 ## - CATEGORIA AGRIS | |
| Código AGRIS | F50 |
| 100 ## - ENTRADA PRINCIPAL - NOME PESSOAL | |
| Nome pessoal | Canalli, Yasmin de Mello |
| 100 ## - ENTRADA PRINCIPAL - NOME PESSOAL | |
| Nome pessoal | Bove, Claudia Petean |
| 245 ## - TÍTULO PRINCIPAL | |
| Título principal | Flora do Rio de Janeiro: Typhaceae |
| 500 ## - NOTA GERAL | |
| Nota geral | Publicação on-line; 10 ref.; Summaries (En, Pt) |
| 942 ## - ADDED ENTRY ELEMENTS (KOHA) | |
| Koha item type | Analítica |
| 520 ## - NOTA DE RESUMO | |
| Nota de conteúdo | <br/><br/>Resumo<br/><br/>O presente estudo tem como objetivo contribuir para o conhecimento das espécies da família Typhaceae<br/>Juss. ocorrentes no estado do Rio de Janeiro. O trabalho tem por base a análise morfológica de materiais<br/>depositados em herbários e coletas de campo, além da compilação de dados de literatura. Foi registrada uma<br/>espécie: Typha domingensis. Descrições, ilustrações, dados sobre hábitat e distribuição geográfica da espécie<br/>são apresentados.<br/><br/>Palavras-chave: Sudeste do Brasil, taxonomia, planta aquática, taboa.<br/><br/><br/><br/><br/>Abstract<br/><br/>This study aims to contribute to the knowledge of Typhaceae Juss. family species occurring in the state of Rio<br/>de Janeiro. The work is based on the morphological analysis of materials deposited in herbarium collections<br/>and field, besides the literature data collection. One was recorded species: Typha domingensis. Descriptions,<br/>illustrations, data on habitat and geographical distribution of the species are presented.<br/><br/>Key words: Brazil's Southeast, taxonomy, aquatic plant, cattail. |
| 650 ## - ASSUNTO - THESAGRO | |
| Cabeçalho tópico ou nome geográfico | SUDESTE |
| 650 ## - ASSUNTO - THESAGRO | |
| Cabeçalho tópico ou nome geográfico | TAXONOMIA |
| 650 ## - ASSUNTO - THESAGRO | |
| Cabeçalho tópico ou nome geográfico | PLANTA AQUÁTICA |
| 650 ## - ASSUNTO - THESAGRO | |
| Cabeçalho tópico ou nome geográfico | TABOA |
| 773 0# - ENTRADA ANALÍTICA | |
| Host Biblionumber | 709 |
| Registro do item | 349992 |
| Imprenta | Rio de Janeiro-RJ Jardim Botanico do Rio de Janeiro 1935 |
| Outro identificador | 2025-2514 |
| Título | Rodriguésia (Brazil) |
| ISSN | 0370-6583; 2175-7860 on-line |
| Colação | v. 68(1) p. 111-113; (2017) |
| Número de controle de registro | BR2025000737 |
| 856 ## - ACESSO E ENDEREÇO ELETRÔNICO | |
| Identificador uniforme de recurso - URI | https://www.scielo.br/j/rod/a/GWDfrfzNJWFWMKj76JqDH6J/?format=pdf&lang=pt |
Nenhum exemplar disponível.

BINAGRI